Las Razones y las obras : (Record no. 67747)

MARC details
000 -LEADER
fixed length control field 01061cam a2200217 4500
005 - DATE AND TIME OF LATEST TRANSACTION
control field 20170502112904.0
008 - FIXED-LENGTH DATA ELEMENTS--GENERAL INFORMATION
fixed length control field 170502b mx ||||| |||| 00| 0 spa d
020 ## - INTERNATIONAL STANDARD BOOK NUMBER
International Standard Book Number 9688201472 (Obra completa)
050 04 - LIBRARY OF CONGRESS CALL NUMBER
Classification number J171 .M3
Item number R39 1984
245 04 - TITLE STATEMENT
Title Las Razones y las obras :
Remainder of title Gobierno de Miguel de la Madrid, Crónica del sexenio 1982-1988 /
Statement of responsibility, etc Dirección de Alejandra Lajous.
260 ## - PUBLICATION, DISTRIBUTION, ETC. (IMPRINT)
Place of publication, distribution, etc México :
Name of publisher, distributor, etc Presidencia de la República, Unidad de la Crónica Presidencial,
Date of publication, distribution, etc 1984
300 ## - PHYSICAL DESCRIPTION
Extent v. ;
Dimensions 26 cm.
440 #0 - SERIES STATEMENT/ADDED ENTRY--TITLE
Title Tezontle
505 ## - FORMATTED CONTENTS NOTE
Formatted contents note Contenido:
Miscellaneous information v.1.
Title Primer año, crónica del sexenio 1982-1988 --
Miscellaneous information v.2.
Title Segundo año --
Miscellaneous information v.6.
Title Sexto año --
Miscellaneous information v.7.
Title Indices --
Miscellaneous information v.8.
Title Crónica de la campaña electoral de Miguel de la Madrid
600 1# - SUBJECT ADDED ENTRY--PERSONAL NAME
Personal name Madrid Hurtado, Miguel de,
Dates associated with a name 1934-
650 #7 - SUBJECT ADDED ENTRY--TOPICAL TERM
Topical term or geographic name as entry element Presidentes
Geographic subdivision México
Source of heading or term Lemb
651 #7 - SUBJECT ADDED ENTRY--GEOGRAPHIC NAME
Geographic name México
General subdivision Política y gobierno, 1982-1988
-- Cronología
Source of heading or term Lemb
700 1# - ADDED ENTRY--PERSONAL NAME
Personal name Lajous, Alejandra, dir.
710 1# - ADDED ENTRY--CORPORATE NAME
Corporate name or jurisdiction name as entry element México.
Subordinate unit Presidencia de la República, Unidad de la Crónica Presidencial
942 ## - ADDED ENTRY ELEMENTS (KOHA)
Source of classification or shelving scheme Biblioteca del Cogreso de los Estados Unidos
Koha item type Libro
Holdings
Estado de pérdida Fuente de clasificación Estado del daño No para préstamo Ubicación permanente Ubicación actual Apartado o colección Fecha de adquisición Edición Dependencia de educación superior (DES) Área del conocimiento Clasificación Código de Barras Date last seen Número de copia Tipo de recurso Nota pública
  Biblioteca del Cogreso de los Estados Unidos     Biblioteca del Instituto de Investigaciones Históricas Biblioteca del Instituto de Investigaciones Históricas General 02/05/2017 1a ed. Humanidades Ciencias Sociales y Administrativas J171.M3 R39 1984 V.1 IIH000000544 02/05/2017 C:1 Libro GENERAL